| 000 | 00662nam a2200193 a 4500 | ||
|---|---|---|---|
| 008 | 120416s1984 ||||||||||||||||| || u | ||
| 020 | _a0673159752 | ||
| 050 | _aHD 31 Sto | ||
| 100 | _aStoner, James Arthur Finch, 1935- | ||
| 245 | 1 | 0 | _aIntroduction to business |
| 260 |
_aGlenview, Ill. _bScott, Foresman _c1984 |
||
| 300 | _axix, 684 p. : ill. (some col.) | ||
| 350 | _a0.00 | ||
| 500 | _aIncludes bibliographies and indexes. | ||
| 650 | 0 | _aBUSINESS | |
| 650 | 0 | _aMANAGEMENT | |
| 700 | _aDolan, Edwin G | ||
| 995 |
_D0.00 _FCBU-MAIN LIBRARY (Kitwe) _H1 _I27.75 _M1 _UDAMAGED _ZMain Library Open Access Collection |
||
| 999 |
_c47632 _d47632 |
||